Valencia CF Squad 2009-2010 - Statistics

General Stats
  • This quiz has been taken 9 times
  • The average score is 14 of 27
Answer Stats
# Position Nation Player % Correct
6 MF Spain David Albelda
75%
7 FW Spain David Villa
75%
28 DF Spain Jordi Alba
75%
23 DF Portugal Miguel
75%
25 MF Argentina Alejandro Domínguez
50%
20 DF Spain Alexis Ruano
50%
15 DF Spain Ángel Dealbert
50%
2 DF Spain Bruno Saltor
50%
5 DF Spain Carlos Marchena
50%
1 GK Spain César Sánchez
50%
4 DF Spain David Navarro
50%
21 MF Spain David Silva
50%
24 MF Argentina Éver Banega
50%
3 MF Netherlands Hedwiges Maduro
50%
22 DF France Jérémy Mathieu
50%
17 FW Spain Joaquín
50%
10 FW Spain Juan Mata
50%
18 MF Portugal Manuel Fernandes
50%
30 MF Spain Míchel Herrero
50%
13 GK Spain Miguel Ángel Moyá
50%
16 FW Venezuela Miku
50%
9 FW Serbia Nikola Žigić
50%
19 FW Spain Pablo Hernández
50%
8 MF Spain Rubén Baraja
50%
- Coach Spain Unai Emery
50%
14 FW Spain Vicente
50%
11 DF Spain Asier del Horno
25%
No matching quizzes found
Score Distribution
Percent of People with Each Score
Percentile by Number Answered
Your Score History
You have not taken this quiz